00556nam a2200145Ia 4500020001800000082001600018100002400034245015300058260005200211300001000263504003900273650003000312650003200342650003600374 a81-901481-1-7 a954.1 DAT-A aDatta, Birendranat; 0aAffinities between folkloristics and historiography: some theoretical implications in the context of medieval and modern history of North-East India aChennaibNational Folklore Support Centrec2002 a132p. aIncludes appendix and bibliography aFolklore - Historiography aIndia, North East - History aFolklorists - India, North East